000
00250nam a22001097a 4500
008
170125b xxu||||| |||| 00| 0 eng d
020
_a
9781416040491
041
_a
eng
080
_2
10TH
_a
618.2
245
_a
PEDIATRIC NURSING
_c
GWIN,P
942
_2
udc
_c
BK
999
_c
3587
_d
3587